| 000 | 01760nam a2200349 4500 | ||
|---|---|---|---|
| 001 | 113575 | ||
| 003 | DR-UNIBE | ||
| 005 | 20250910062608.0 | ||
| 008 | 250508b2003 cr ||||| |||| 00| 0 spa d | ||
| 020 | _a9968917095 Obra completa | ||
| 020 | _a9968917109 Tomo 1 | ||
| 040 |
_aBIBLIOTECA UNIBE _cBIBLIOTECA UNIBE _bspa _erda |
||
| 041 | _aspa | ||
| 082 |
_222 _a341.48 I59j |
||
| 110 | 0 |
_aInstituto Interamericano de Derechos Humanos (IIDH) _eautor _923506 |
|
| 110 | 1 | 0 |
_aCorte Interamericana de Derechos Humanos _9152036 _eautor |
| 110 | 1 | 0 |
_aCosta Rica. Corte Suprema de Justicia. Sala Constitucional _9195062 |
| 245 | 1 | 0 |
_aJusticia, libertad y derechos humanos : ensayos en homenaje a Rodolfo E. Piza Escalante / _cInstituto Interamericano de Derechos Humanos , Corte Interamericana de Derechos Humanos, Colegio de Abogados, Corte Suprema de Justicia. Sala Constitucional |
| 250 | _aPrimera edición | ||
| 260 |
_aSan José : _bInstituto Interamericano de Derechos Humanos (IIDH), _c2003 |
||
| 300 |
_atomos _c13 x 21 cm |
||
| 500 | _aBiblioteca tiene tomo I | ||
| 505 | _aTomo I. Prólogo | Prefacio del Presidente de la Corte Interamericana de Derechos Humanos | Prefacio del Presidente del Colegio de Abogados Recuerdo de un entrañable amigo | Remember a very special friend | Semblanza: un hombre justo | Corte Interamericana de Derechos Humanos | Sala Constitucional Corte Suprema de Justicia de Costa Rica | ||
| 600 | 0 |
_a _9195059 |
|
| 650 | 7 |
_2lemb _aDerechos humanos |
|
| 650 | 7 |
_2lemb _aJusticia |
|
| 650 | 7 |
_2lemb _aPena de muerte |
|
| 650 | 7 |
_2lemb _aPoder judicial _zCosta Rica _9195075 |
|
| 650 | 7 |
_2lemb _aAbogados Costarricences _9195076 |
|
| 710 | 1 | 0 |
_aCosta Rica. Colegio de Abogados _9195063 _eautor |
| 942 |
_2ddc _cBK |
||
| 999 |
_c113575 _d113575 |
||